书目信息 |
| 题名: |
罗马与耶路撒冷
|
|
| 作者: | 宋立宏 著 | |
| 分册: | ||
| 出版信息: | 杭州 浙江大学出版社 2015 |
|
| 页数: | 264页 | |
| 开本: | 21cm | |
| 丛书名: | 六合丛书 | |
| 单 册: | ||
| 中图分类: | K126 , K382.0 | |
| 科图分类: | ||
| 主题词: | 罗马帝国--luo ma di guo--历史 | |
| 电子资源: | ||
| ISBN: | 978-7-308-15059-0 | |
| 000 | 00998nam0 22002771 450 | |
| 001 | 0102164912 | |
| 005 | 20170502164912.0 | |
| 010 | @a978-7-308-15059-0@dCNY36.00 | |
| 100 | @a20160418d2015 em y0chiy50 ea | |
| 101 | 0 | @achi |
| 102 | @aCN@b330000 | |
| 105 | @aa z 000yy | |
| 106 | @ar | |
| 200 | 1 | @a罗马与耶路撒冷@9luo ma yu ye lu sa leng@f宋立宏著 |
| 210 | @a杭州@c浙江大学出版社@d2015 | |
| 215 | @a264页@c图@d21cm | |
| 225 | 2 | @a六合丛书@9liu he cong shu@f吕大年,高峰枫主编 |
| 330 | @a本书分为上下编。上编七篇与罗马帝国有关,下编七篇则指向犹太教与犹太认同。收录了《罗马人民与革命》、《对“罗马化”及罗马帝国文化认同的反思》、《土匪与英雄之间:书信中的巴尔·科赫巴》、《一位以色列汉学家的抉择》等。 | |
| 461 | 0 | @12001 @a六合丛书 |
| 606 | 0 | @a罗马帝国@9luo ma di guo@x历史 |
| 607 | @a耶路撒冷@Aye lu sa leng@x历史 | |
| 690 | @aK126@v5 | |
| 690 | @aK382.0@v5 | |
| 701 | 0 | @a宋立宏@9song li hong@4著 |
| 801 | 0 | @aCN@b百万庄@c20170308 |
| 905 | @b1002646-51@dK126@e243@f6 | |
| 罗马与耶路撒冷/宋立宏著.-杭州:浙江大学出版社,2015 |
| 264页:图;21cm.-(六合丛书/吕大年,高峰枫主编) |
| ISBN 978-7-308-15059-0:CNY36.00 |
| 本书分为上下编。上编七篇与罗马帝国有关,下编七篇则指向犹太教与犹太认同。收录了《罗马人民与革命》、《对“罗马化”及罗马帝国文化认同的反思》、《土匪与英雄之间:书信中的巴尔·科赫巴》、《一位以色列汉学家的抉择》等。 |
| ● |
| 相关链接 |
|
|
|
|
正题名:罗马与耶路撒冷
索取号:K126/243
 
预约/预借
| 序号 | 登录号 | 条形码 | 馆藏地/架位号 | 状态 | 备注 |
| 1 | 1002646 | 210026461 | 第二样本阅览室/ [索取号:K126/243] | 在馆 | |
| 2 | 1002647 | 210026470 | 教育系资料室/ [索取号:K126/243] | 在馆 | |
| 3 | 1002648 | 210026489 | 教育系资料室/ [索取号:K126/243] | 在馆 | |
| 4 | 1002649 | 210026498 | 教育系资料室/ [索取号:K126/243] | 在馆 | |
| 5 | 1002650 | 210026504 | 第二借阅区/ [索取号:K126/243] | 在馆 | |
| 6 | 1002651 | 210026513 | 第二借阅区/ [索取号:K126/243] | 在馆 |